000 01029nam a22003017a 4500
001 6877
003 FISKH
005 20250702142254.0
008 250604b cb ||||| |||| 00| 0 eng d
020 _a9780590424011
040 _aFISKH
_beng
_cFISKH
_dFISKH
050 _aSF426.5
082 _a636.7
100 _aDavidson, Margaret
_d(1936–)
245 _aFive true dog stories /
_cBy Margaret Davidson ; Illustrated by Susanne Suba ; Cover illustration by Lisa Mccue
250 _aThis edition first published in 1977
260 _aNew York :
_bScholastic,
_c1977
300 _a47 pages :
_billustrations ;
_c20 cm
505 _aP
520 _aA collection of five true stories relating the adventures of such dogs as Dox, a dog detective, Grip, a dog thief, and Sascha, a seeing eye dog.
521 8 _a650
_bLexile
521 8 _aP
_bRaz-Plus
650 _2Animal stories
_aSonlight
650 _2Juvenile
_aTrue stories
700 _aSuba, Susanne
_dillustrator
942 _2ddc
_cBK
_n0
999 _c6877
_d6877